000 00480nam a2200181Ia 4500
001 3649
005 20260306145659.0
008 260306t1971||||xx |||||||||||||| ||spa||
041 _aESP
082 _a301
_bM95
100 _aMunné, Federico
_eAUT
245 0 _aGrupos, masas y sociedades :
_bintroducción sistemática a la sociologia general y especial
260 _c1971
300 _a615 páginas :
_c21 cm.
650 _aGEN
654 _aCHU
942 _cLIB
_dJUS
_fJUS
_2ddc
_n
999 _c3649
_d3649